01014cam a22002651 4500001001300000003000400013005001700017008004100034010001700075035001900092040004600111042001200157050002200169110002900191245004300220260006400263300004700327490004200374500017400416504002900590650004100619650002600660810004500686999001700731gs 65000223 DLC20260227111416.0761116s1964 nvuab b 000 0 eng c ags 65000223  a(OCoLC)2559427 aU. S. Geol. Survey Libr.cOAUdOCoLCdDLC apremarc00aTN24.N3bU54 19642 aGeological Survey (U.S.)10aMineral and water resources of Nevada. aReno,bMackay School of Mines, University of Nevada,c1964. axi, 314 p.billus., maps (1 fold.)c23 cm.1 aNevada. Bureau of Mines. Bulletin 65 aIssued also as Senate Document no. 87, 88th Congress., 2d sess., under title: Mineral and water resources in Nevada; report in collaboration with Nevada Bureau of Mines. aIncludes bibliographies. 0aMines and mineral resourceszNevada. 0aWater-supplyzNevada.2 aNevada Bureau of Mines.tBulletin ;v65. c30030d30030